000 00762nam a22002417a 4500
003 OSt
005 20240410093304.0
008 210322b 2020 dr a 00| 0 spa d
020 _a9789945503838
040 _aDO-SdBNP
_bspa
_cBPMSU
082 4 _aRD863.5
_bJ61d 2020
_222
100 1 _aJiménez Guillen, Isidro,
_d1987-
245 1 0 _aDe la esquina se ve todo /
_cIsidro Jiménez Guillén
260 _aSanto Domingo :
_bEdiciones Ferilibro,
_c2020.
300 _a112 p. ;
_c21 cm.
490 0 _aNarrativa
500 _aIncluye datos biográficos del autor en la solapa de la cubierta.
590 _aInventariado, 2024/VM
650 4 _aNovela dominicana
650 4 _aLiteratura dominicana
910 _aVMateo V. Control de calidad BPMSU
942 _2ddc
_cBK
999 _c14623
_d14623